Municipalities of Racine County, Wisconsin - Statistics

General Stats
  • This quiz has been taken 128 times
  • The average score is 12 of 22
Answers on the Map
Answers color-coded by a green-red scale on the quiz's map according to % correct below.
 
Answer Stats
Answer % Correct
City of Racine
100%
City of Burlington
88%
Town of Burlington
88%
Village of Caledonia
69%
Town of Waterford
66%
Village of Mount Pleasant
66%
Village of Union Grove
66%
Village of Waterford
66%
Village of Sturtevant
63%
Village of Wind Point
63%
Census Designated Place of Wind Lake
53%
Village of Yorkville
50%
Census Designated Place of Tichigan
44%
Village of Raymond
44%
Village of Rochester
44%
Census Designated Place of Eagle Lake
38%
Census Designated Place of Browns Lake
34%
Town of Norway
34%
Village of North Bay
34%
Town of Dover
31%
Village of Elmwood Park
28%
Census Designated Place of Bohners Lake
25%
No matching quizzes found
Score Distribution
Percent of People with Each Score
Percentile by Number Answered
Your Score History
You have not taken this quiz